Running out of time /

When a diphtheria epidemic hits her 1840 village, thirteen-year-old Jessie discovers it is actually a 1996 tourist site under unseen observation by heartless scientists, and it's up to Jessie to escape the village and save the lives of the dying children.

Bibliographic Details
Main Author: Haddix, Margaret Peterson
Format: Book
Language:English
Published: New York : Simon & Schuster Books for Young Readers, 1995.
Edition:1st ed.
Subjects:

MARC

Tag First Indicator Second Indicator Subfields
LEADER 00000cam a2200000 a 4500
001 in00001381913
005 20151019170935.0
008 950315s1995 nyu j 000 1 eng
010 |a  95008459  
020 |a 0689800843 
035 |a (OCoLC)32313823 
035 |9 AHK7600AM 
040 |a DLC  |c DLC  |d TXA  |d UtOrBLW 
049 |a TXAM 
050 0 0 |a PZ7.H1164  |b Ru 1995 
082 0 0 |a [Fic]  |2 20 
100 1 |a Haddix, Margaret Peterson. 
245 1 0 |a Running out of time /  |c Margaret Peterson Haddix. 
250 |a 1st ed. 
264 1 |a New York :  |b Simon & Schuster Books for Young Readers,  |c 1995. 
300 |a 184 pages ;  |c 22 cm. 
336 |a text  |b txt  |2 rdacontent 
337 |a unmediated  |b n  |2 rdamedia 
338 |a volume  |b nc  |2 rdacarrier 
520 |a When a diphtheria epidemic hits her 1840 village, thirteen-year-old Jessie discovers it is actually a 1996 tourist site under unseen observation by heartless scientists, and it's up to Jessie to escape the village and save the lives of the dying children. 
650 1 |a Mystery and detective stories. 
651 1 |a Indiana  |x Fiction. 
650 1 |a Diphtheria  |x Fiction. 
999 |a MARS 
999 f f |s 16dc42ce-01ad-3529-890d-387c3bef7d6c  |i fad685fa-8986-3562-9733-3b82a5e4cede  |t 0 
952 f f |p normal  |a Texas A&M University  |b College Station  |c Sterling C. Evans Library  |d Evans: Curriculum Collection (4th floor)  |t 0  |e PZ7.H1164 Ru 1995  |h Library of Congress classification  |i unmediated -- volume  |m A14821417138 
998 f f |a PZ7.H1164 Ru 1995  |t 0  |l Evans: Curriculum Collection (4th floor)